Pro Wrestlers by Picture #5 - Statistics

General Stats
  • This quiz has been taken 217 times
  • The average score is 15 of 20
Answer Stats
Picture Answer % Correct
Mark Henry
97%
Cody Rhodes
96%
Chris Benoit
91%
Dolph Ziggler
88%
Jerry "The King" Lawler
88%
Umaga
87%
Sgt Slaughter
86%
The Iron Sheik
86%
Rob Van Dam
85%
Doink the Clown
84%
Lita
83%
Trish Stratus
81%
Lex Luger
79%
Hacksaw Jim Duggan
69%
Tazz
64%
Bob Backlund
60%
Jeff Jarrett
57%
The Fabulous Moolah
56%
Dr. Britt Baker D.M.D.
50%
Gorgeous George
36%
No matching quizzes found
Score Distribution
Percent of People with Each Score
Percentile by Number Answered
Your Score History
You have not taken this quiz